Inglês - Statistics

Estatísticas Gerais
  • Esse quiz foi jogado 167 vezes
  • A pontuação média é 12 de 15
Estatísticas das Respostas
Hint Resposta % Correto
Música Music
94%
Leite Milk
92%
Fruta Fruit
91%
Rei King
91%
Táxi Taxi
91%
Professor Teacher
90%
Anel Ring
88%
Rainha Queen
87%
Cozinha Kitchen
86%
Praia Beach
84%
Frio Cold
82%
Feijões Beans
78%
Mala Bag
65%
Frigorífico Fridge
34%
Quinta Farm
12%
Nenhum quiz correspondente encontrado
Distribuição das Pontuações
Porcentagem de Pessoas com Cada Pontuação
Percentil de Números Respondidos
Sua Pontuação Histórica
Você não jogou esse quiz